ALCA, Mercosur, OMC (Registro nro. 28990)
[ vista simple ]
| 000 -LEADER | |
|---|---|
| fixed length control field | 00345 a2200109 4500 |
| 001 - CONTROL NUMBER | |
| control field | ART_26042 |
| 005 - DATE AND TIME OF LATEST TRANSACTION | |
| control field | 20260410161935.0 |
| 008 - FIXED-LENGTH DATA ELEMENTS--GENERAL INFORMATION | |
| fixed length control field | 260409a |
| 100 1# - MAIN ENTRY--PERSONAL NAME | |
| Personal name | Alemann, Roberto T. |
| 245 10 - TITLE STATEMENT | |
| Title | ALCA, Mercosur, OMC |
| 773 0# - HOST ITEM ENTRY | |
| Title | Anales de la Academia Nacional de Ciencias Económicas |
| Related parts | - Vol. XLII, (1997) (ene. 1999) |
| Record control number | REV25596 |
No hay ítems disponibles.